The Sands Of Time (Record no. 19789)

MARC details
000 -LEADER
fixed length control field 00269nam a22001217a 4500
082 ## - DEWEY DECIMAL CLASSIFICATION NUMBER
Classification number 823 SHE
100 ## - MAIN ENTRY--AUTHOR NAME
Author name Sheldon, Sidney
245 ## - TITLE STATEMENT
Title The Sands Of Time
260 ## - PUBLICATION, DISTRIBUTION, ETC. (IMPRINT)
Place of publication Kolkatta, India
Name of publisher Rupa & Co
Year of publication 1988
300 ## - PHYSICAL DESCRIPTION
Number of Pages 365 P
650 ## - SUBJECT ADDED ENTRY--TOPICAL TERM
Topical Term English - Fiction
942 ## - ADDED ENTRY ELEMENTS (KOHA)
Koha item type Books

No items available.

                   Copyright © 2026 | Henry Martyn Institute | Hyderabad | TS-500052 | INDIA | Implemented by hmi.edu.in
Hit-Count:

Powered by Koha